<?xml version="1.0" encoding="UTF-8"?>
<record
    xmlns:xsi="http://www.w3.org/2001/XMLSchema-instance"
    xsi:schemaLocation="http://www.loc.gov/MARC21/slim http://www.loc.gov/standards/marcxml/schema/MARC21slim.xsd"
    xmlns="http://www.loc.gov/MARC21/slim">

  <leader>02666nam a2200205Ia 4500</leader>
  <controlfield tag="003">OSt</controlfield>
  <controlfield tag="005">20250702123558.0</controlfield>
  <controlfield tag="008">210210b1973   xxu||||| |||| 00| 0 eng d</controlfield>
  <datafield tag="040" ind1=" " ind2=" ">
    <subfield code="c">AL</subfield>
  </datafield>
  <datafield tag="041" ind1=" " ind2=" ">
    <subfield code="a">Kannada</subfield>
  </datafield>
  <datafield tag="082" ind1=" " ind2=" ">
    <subfield code="a">K894.3 ANAB</subfield>
  </datafield>
  <datafield tag="100" ind1=" " ind2=" ">
    <subfield code="a">ANANTAMURTI (U R).</subfield>
    <subfield code="d">&#xC85;&#xCA8;&#xC82;&#xCA4;&#xCAE;&#xCC2;&#xCB0;&#xCCD;&#xCA4;&#xCBF; (&#xCAF;&#xCC1; &#xC85;&#xCB0;&#xCCD;)</subfield>
    <subfield code="9">176647</subfield>
  </datafield>
  <datafield tag="245" ind1=" " ind2=" ">
    <subfield code="a">Bharatipura.</subfield>
    <subfield code="b">&#xCAD;&#xCBE;&#xCB0;&#xCA4;&#xCC0;&#xCAA;&#xCC1;&#xCB0;. </subfield>
  </datafield>
  <datafield tag="260" ind1=" " ind2=" ">
    <subfield code="a">Sagara.</subfield>
    <subfield code="b">Akshata Prakashana</subfield>
    <subfield code="c">1973</subfield>
  </datafield>
  <datafield tag="300" ind1=" " ind2=" ">
    <subfield code="a">268</subfield>
  </datafield>
  <datafield tag="520" ind1=" " ind2=" ">
    <subfield code="a">&#x2018;&#xCAD;&#xCBE;&#xCB0;&#xCA4;&#xCC0;&#xCAA;&#xCC1;&#xCB0;&#x2019;, &#xCB8;&#xCC3;&#xCB7;&#xCCD;&#xC9F;&#xCCD;&#xCAF;&#xCBE;&#xCA4;&#xCCD;&#xCAE;&#xC95; &#xCAC;&#xCB0;&#xCB9;&#xC97;&#xCBE;&#xCB0;&#xCA8;&#xCCA;&#xCAC;&#xCCD;&#xCAC; &#xC95;&#xC82;&#xCA1; &#xC86;&#xCB3;&#xCB5;&#xCBE;&#xCA6; &#xC92;&#xC82;&#xCA6;&#xCC1; &#xCB5;&#xCBF;&#xCB0;&#xCB8;&#xCA6; &#xCB8;&#xCAE;&#xC97;&#xCCD;&#xCB0; &#xCAA;&#xCB0;&#xCBF;&#xC9A;&#xCAF;&#xCA6; &#xC85;&#xCB8;&#xCB2;&#xCC1;&#xC9A;&#xCBF;&#xCA4;&#xCCD;&#xCB0;. &#xCAE;&#xCCC;&#xCB2;&#xCCD;&#xCAF;&#xC97;&#xCB3;, &#xC95;&#xC9F;&#xCCD;&#xC9F;&#xCA1;&#xC97;&#xCB3;, &#xCB5;&#xCCD;&#xCAF;&#xC95;&#xCCD;&#xCA4;&#xCBF;&#xC97;&#xCB3; &#xCA8;&#xCA1;&#xCC1;&#xCB5;&#xCA3; &#xC88; &#xCB5;&#xCBF;&#xCB0;&#xCB8;&#xC95;&#xCCD;&#xC95;&#xCC6; &#xCB8;&#xCBE;&#xCB9;&#xCBF;&#xCA4;&#xCCD;&#xCAF;&#xC95;&#xCB5;&#xCBE;&#xCA6;&#xCA6;&#xCCD;&#xCA6;&#xCC7; &#xC85;&#xCB2;&#xCCD;&#xCB2;&#xCA6;&#xCC6;, &#xCAC;&#xCB9;&#xCC1;&#xCAC;&#xCBE;&#xCB0;&#xCBF; &#xCB8;&#xCAE;&#xCBE;&#xC9C;&#xCB6;&#xCBE;&#xCB8;&#xCCD;&#xCA4;&#xCCD;&#xCB0;&#xCA6;&#xCCD;&#xCA6;&#xCC1; &#xCB9;&#xCBE;&#xC97;&#xCC2; &#xC92;&#xCAE;&#xCCD;&#xCAE;&#xCCA;&#xCAE;&#xCCD;&#xCAE;&#xCC6; &#xCA6;&#xCBE;&#xCB0;&#xCCD;&#xCB6;&#xCA8;&#xCBF;&#xC95;&#xCB5;&#xCBE;&#xCA6;&#xCA6;&#xCCD;&#xCA6;&#xCC1; &#xC86;&#xCA6; &#xC86;&#xCAF;&#xCBE;&#xCAE;&#xCB5;&#xCC2; &#xC89;&#xC82;&#xC9F;&#xCC1;. &#xCB5;&#xCB8;&#xCCD;&#xCA4;&#xCC1;&#xCB8;&#xCCD;&#xCA5;&#xCBF;&#xCA4;&#xCBF;&#xCAF; &#xCAE;&#xC9F;&#xCCD;&#xC9F;&#xCA6;&#xCB2;&#xCCD;&#xCB2;&#xCBF;, &#xC95;&#xCBE;&#xCA8;&#xC82;&#xCAC;&#xCB0;&#xCBF;&#xCAF; &#xCAE;&#xCC1;&#xC96;&#xCCD;&#xCAF; &#xC97;&#xCCA;&#xCA1;&#xCB5;&#xCC6; &#xCB8;&#xC82;&#xCAA;&#xCCD;&#xCB0;&#xCA6;&#xCBE;&#xCAF;&#xCAC;&#xCA6;&#xCCD;&#xCA7; &#xCB8;&#xCAE;&#xCBE;&#xC9C;&#xCA6; &#xC86;&#xCA7;&#xCC1;&#xCA8;&#xCC0;&#xC95;&#xCB0;&#xCA3;; &#xC86; &#xCB8;&#xCAE;&#xCBE;&#xC9C;&#xCA6; &#xCAE;&#xCC2;&#xCB0;&#xCCD;&#xCA4;-&#xC85;&#xCAE;&#xCC2;&#xCB0;&#xCCD;&#xCA4; &#xCB8;&#xC82;&#xC95;&#xCC7;&#xCA4;&#xC97;&#xCB3;&#xCA8;&#xCCD;&#xCA8;&#xCC1; &#xCA4;&#xCCA;&#xCA1;&#xCC6;&#xCA6;&#xCC1;&#xCB9;&#xCBE;&#xC95;&#xCC1;&#xCB5;&#xCC1;&#xCA6;&#xCC1;; &#xC95;&#xCA8;&#xCBF;&#xCB7;&#xCCD;&#xCA0; &#xC85;&#xCB5;&#xCC1;&#xC97;&#xCB3;&#xCA8;&#xCCD;&#xCA8;&#xCC1; &#xC85;&#xCAA;&#xCAE;&#xCCC;&#xCB2;&#xCCD;&#xCAF;&#xC97;&#xCCA;&#xCB3;&#xCBF;&#xCB8;&#xCC1;&#xCB5;&#xCC1;&#xCA6;&#xCC1;, &#xCB9;&#xCCA;&#xCB8; &#xCB5;&#xCB8;&#xCCD;&#xCA4;&#xCC1;&#xCB8;&#xCCD;&#xCA5;&#xCBF;&#xCA4;&#xCAF;&#xCA8;&#xCCD;&#xCA8;&#xCC1;, &#xCAE;&#xCCC;&#xCB2;&#xCCD;&#xCAF;&#xC97;&#xCB3;&#xCA8;&#xCCD;&#xCA8;&#xCC1; &#xCA8;&#xCBF;&#xCB0;&#xCCD;&#xCAE;&#xCBF;&#xCB8;&#xCC1;&#xCB5;&#xCC1;&#xCA6;&#xCC1;. &#xCB5;&#xCCD;&#xCAF;&#xC95;&#xCCD;&#xCA4;&#xCBF;&#xCAF; &#xCAE;&#xC9F;&#xCCD;&#xC9F;&#xCA6;&#xCB2;&#xCCD;&#xCB2;&#xCBF; &#xC85;&#xCA6;&#xCB0; &#xCAE;&#xCC1;&#xC96;&#xCCD;&#xCAF; &#xC97;&#xCCA;&#xCA1;&#xCB5;&#xCC6; &#xCAC;&#xCCD;&#xCB0;&#xCBE;&#xCB9;&#xCCD;&#xCAE;&#xCA3; &#xC9C;&#xCAE;&#xCC0;&#xCA8;&#xCCD;&#xCA6;&#xCBE;&#xCB0;&#xCA8; &#xC95;&#xCC1;&#xC9F;&#xCC1;&#xC82;&#xCAC;&#xCA6;&#xCB2;&#xCCD;&#xCB2;&#xCBF; &#xCB9;&#xCC1;&#xC9F;&#xCCD;&#xC9F;&#xCBF;&#xCA6; &#xCA7;&#xCC0;&#xCAE;&#xC82;&#xCA4;&#xCA8;&#xCCA;&#xCAC;&#xCCD;&#xCAC; &#xCA4;&#xCA8;&#xCCD;&#xCA8; &#xC9C;&#xCBE;&#xCA4;&#xCBF; &#xCB9;&#xCBE;&#xC97;&#xCC2; &#xCB5;&#xCB0;&#xCCD;&#xC97;&#xC97;&#xCB3;&#xCBF;&#xC82;&#xCA6; &#xCAE;&#xCC1;&#xC95;&#xCCD;&#xCA4;&#xCA8;&#xCBE;&#xC97;&#xCBF; &#xCA4;&#xCA8;&#xCCD;&#xCA8; &#xCB5;&#xCB0;&#xCCD;&#xC97;-&#xC9C;&#xCBE;&#xCA4;&#xCBF;&#xCAF; &#xCB6;&#xCCB;&#xCB7;&#xCA3;&#xCC6;&#xC97;&#xCC6; &#xC97;&#xCC1;&#xCB0;&#xCBF;&#xCAF;&#xCBE;&#xC97;&#xCBF;&#xCA6;&#xCCD;&#xCA6; &#xCA6;&#xCB2;&#xCBF;&#xCA4;&#xCB0; &#xC9C;&#xCCA;&#xCA4;&#xCC6;&#xC97;&#xCC6; &#xC8F;&#xC95;&#xCC0;&#xCAD;&#xCBE;&#xCB5; &#xCB8;&#xCBE;&#xCA7;&#xCBF;&#xCB8;&#xCC1;&#xCB5;&#xCC1;&#xCA6;&#xCB0; &#xCB8;&#xC82;&#xC95;&#xC9F;. &#xC88; &#xC8E;&#xCB0;&#xCA1;&#xCC2; &#xC97;&#xCCA;&#xCA1;&#xCB5;&#xCC6;&#xC97;&#xCB3;&#xCA8;&#xCCD;&#xCA8;&#xCC1; &#xCB9;&#xCBE;&#xCB8;&#xCC1;&#xCB9;&#xCCA;&#xC95;&#xCCD;&#xC95;&#xCBE;&#xC97;&#xCBF; &#xCAE;&#xCC8;&#xCA4;&#xCC1;&#xC82;&#xCAC;&#xCBF;&#xCB8;&#xCBF;&#xC95;&#xCCA;&#xC82;&#xCA1; &#xC88; &#xC95;&#xCBE;&#xCA6;&#xC82;&#xCAC;&#xCB0;&#xCBF; &#xC85;&#xCA4;&#xCCD;&#xCAF;&#xC82;&#xCA4; &#xC85;&#xCB0;&#xCCD;&#xCA5;&#xCB5;&#xCA4;&#xCCD;&#xCA4;&#xCBE;&#xCA6; &#xCB5;&#xCBF;&#xCB5;&#xCB0;&#xCAA;&#xCC2;&#xCB0;&#xCCD;&#xCA3;&#xCB5;&#xCBE;&#xCA6; &#xC95;&#xCA5;&#xCC6;&#xCAF;&#xCA8;&#xCCD;&#xCA8;&#xCC1; &#xCA8;&#xCC7;&#xCAF;&#xCC1;&#xCA4;&#xCCD;&#xCA4;&#xCA6;&#xCC6;. &#xC95;&#xCBE;&#xCA6;&#xC82;&#xCAC;&#xCB0;&#xCBF;&#xCAF;&#xCB2;&#xCCD;&#xCB2;&#xCBF; &#xC92;&#xC82;&#xCA6;&#xCC1; &#xCAE;&#xCCB;&#xCB9;&#xC95;&#xCB5;&#xCBE;&#xCA6; &#xCA6;&#xCBE;&#xCB0;&#xCCD;&#xCB6;&#xCA8;&#xCBF;&#xC95; &#xC85;&#xCB0;&#xCBE;&#xC9C;&#xC95;&#xCA4;&#xCC6;&#xCAF;&#xCBF;&#xCA6;&#xCC6;</subfield>
  </datafield>
  <datafield tag="690" ind1=" " ind2=" ">
    <subfield code="a">Kannada Fiction</subfield>
    <subfield code="9">176648</subfield>
  </datafield>
  <datafield tag="906" ind1=" " ind2=" ">
    <subfield code="a">030463</subfield>
  </datafield>
  <datafield tag="942" ind1=" " ind2=" ">
    <subfield code="2">ddc</subfield>
    <subfield code="c">BK</subfield>
  </datafield>
  <datafield tag="999" ind1=" " ind2=" ">
    <subfield code="c">81633</subfield>
    <subfield code="d">81633</subfield>
  </datafield>
  <datafield tag="952" ind1=" " ind2=" ">
    <subfield code="0">0</subfield>
    <subfield code="1">0</subfield>
    <subfield code="2">ddc</subfield>
    <subfield code="4">0</subfield>
    <subfield code="7">0</subfield>
    <subfield code="8">KAN</subfield>
    <subfield code="a">AL</subfield>
    <subfield code="b">AL</subfield>
    <subfield code="d">2021-02-17</subfield>
    <subfield code="g">12.00</subfield>
    <subfield code="l">0</subfield>
    <subfield code="o">K894.3 ANAB</subfield>
    <subfield code="p">030463</subfield>
    <subfield code="r">2021-02-17 00:00:00</subfield>
    <subfield code="u">https://www.google.co.in/books/edition/Bharathipura/KoDrDwAAQBAJ?hl=en&amp;gbpv=1</subfield>
    <subfield code="w">2021-02-17</subfield>
    <subfield code="y">BK</subfield>
  </datafield>
</record>
